Podnecovanie pracovníkov ku konečným výsledkom výroby čiastková úloha RVHP III.4.

Gespeichert in:
Bibliographische Detailangaben
1. Verfasser: Wosková, V.
Format: Buch
Sprache:Slowakisch
Veröffentlicht: Bratislava Československý výskumný ústav práce a sociálnych vecí 1978
Tags: Tag hinzufügen
Keine Tags, Fügen Sie das erste Tag hinzu!

MARC

LEADER 00000nam a2200000 4500
001 0229837
005 20240822101705.7
041 0 |a slo 
044 |a SK 
245 1 0 |a Podnecovanie pracovníkov ku konečným výsledkom výroby  |b čiastková úloha RVHP III.4.  |c Vlasta Wosková 
264 1 |a Bratislava  |b Československý výskumný ústav práce a sociálnych vecí  |c 1978 
300 |a 54 s. 
100 1 |a Wosková, V.